| 000 | 01083cam a22003017a 4500 | ||
|---|---|---|---|
| 001 | 17755115 | ||
| 003 | SISC | ||
| 005 | 20160601083035.0 | ||
| 008 | 130529r20121982nyua j 000 1 eng | ||
| 010 | _a 2012418701 | ||
| 020 | _a9781442428799 | ||
| 040 |
_aDLC _cDLC _dDLC |
||
| 042 |
_alcac _apcc |
||
| 050 | 0 | 0 |
_aPZ 7 .V874 _bDi 2012 |
| 100 | 1 | _aVoigt, Cynthia. | |
| 245 | 1 | 0 |
_aDicey's song / _cCynthia Voigt. |
| 250 | _aAtheneum Books for Young readers pbk. ed. | ||
| 260 |
_aNew York : _bAtheneum Books for Young Readers, _c2012. |
||
| 300 |
_a247 p. ; _c21 cm. |
||
| 490 | 0 |
_aThe Tillerman cycle ; _vbk. 2 |
|
| 500 | _aSequel to: Homecoming. | ||
| 520 | _aNow that the four abandoned Tillerman children are settled in with their grandmother, Dicey finds that their new beginnings require love, trust, humor, and courage. | ||
| 650 | 1 |
_aBrothers and sisters _xFiction. |
|
| 650 | 1 |
_aFamily life _xFiction. |
|
| 906 |
_a7 _bcbc _corigcop _d2 _encip _f20 _gy-gencatlg |
||
| 942 |
_2lcc _cBK |
||
| 999 |
_c294968 _d294968 |
||